| 000 | 00659nam a2200205 a 4500 | ||
|---|---|---|---|
| 005 | 20210219160558.0 | ||
| 008 | 081210s2005 mx r 000 0 spa d | ||
| 020 | _a8495939835 | ||
| 035 | _aUPN01000168454 | ||
| 049 | _aI | ||
| 050 | 4 |
_aND623 L5 _bJ8.7 |
|
| 100 | 1 | _aJusseaux, Patrick | |
| 245 | 1 | 0 |
_atras los pasos de... Leonardo da Vinci / _cPatrick Jusseaux ; tr. Jorge González Batlle. |
| 260 |
_aBarcelona, Esp. : _bArt Blume, _c2005. |
||
| 300 |
_a127 p. : _bil. col. |
||
| 440 | 0 | _aA partir de los 10 años | |
| 534 |
_pTraducción de: _tSur les traces de... Léonard De Vinci |
||
| 600 | 0 | 4 |
_aLEONARDO, _cDA VINCI, _d1452-1519 |
| 905 | _aInfantil | ||
| 999 |
_c140561 _d140561 |
||